00491nam a22001577a 450000500170000001000150001702000260003203500150005803700130007308200060008610000380009224500980013026000400022827000430026830000220031120170418160323.0 aENG-117856 a9789351867357c400.00 a EN-101388 bDBAD/PUB aS aThakur,Chaudhary Ksaushal Kishore aMassacre at midnight :cby Chaudhary Ksaushal Kishore Thakurba novella of medieval intrigue/ aNew Delhi bPrabhat Prakashanc2016 a4/19 Asaf Ali Road,bNew Delhie110002 a149p.c22 cm (Hb)